| 000 | 01041nam a22002297a 4500 | ||
|---|---|---|---|
| 999 |
_c5771 _d5771 |
||
| 003 | AR-CdUCM | ||
| 008 | 190313b ||||| |||| 00| 0 spa d | ||
| 040 |
_aMUNICIPALIDAD PROVINCIAL DEL CUSCO _cBIBLIOTECA MUNICIPAL DEL CUSCO |
||
| 082 |
_a985.03 / _bB32 |
||
| 100 |
_aBataillon, Marcel, _917150 |
||
| 245 | _aLa Colonia, ensayos peruanistas / | ||
| 260 |
_aLima : _b Universidad Nacional Mayor de San Marcos, _c1995. |
||
| 300 |
_a202 paginas , _c 21 cm. |
||
| 505 | _aEl lazo religioso entre los conquistadores del Perú -- Las "doce dudas" peruanas resueltas por las Casas -- Comentarios a un famoso parecer contra las Casas -- Las herejías de fray Francisco de la Cruz y la reacción antilascasiana -- Etapas de una leyenda: los "caballeros pardos" de las Casas... | ||
| 650 |
_aHistoria del Perú _9259 |
||
| 650 |
_aLos conquistadores _917151 |
||
| 650 |
_aÉpoca Colonia _917152 |
||
| 700 |
_aTauro, Alberto (Compilación) _917153 |
||
| 710 |
_aUniversidad Mayor de San Marcos _917154 |
||
| 942 |
_2ddc _cLIBROS |
||
| 945 | _awnts | ||